Qendra Kërkimore Zhvillimore - Peja (Record no. 60885)
[ view plain ]
| 000 -LEADER | |
|---|---|
| fixed length control field | 00291nam a22001337a 4500 |
| 008 - FIXED-LENGTH DATA ELEMENTS--GENERAL INFORMATION | |
| fixed length control field | 260311b ||||| |||| 00| 0 eng d |
| 020 ## - INTERNATIONAL STANDARD BOOK NUMBER | |
| International Standard Book Number | 18009794 |
| 041 ## - LANGUAGE CODE | |
| Language code of text/sound track or separate title | eng |
| 080 ## - UNIVERSAL DECIMAL CLASSIFICATION NUMBER | |
| Universal Decimal Classification number | 2.1 |
| 100 ## - Rafti | |
| Rafti | 20.1 |
| 101 ## - Shkurtesa | |
| Shkurtesa | rev |
| 245 ## - TITLE STATEMENT | |
| Title | Qendra Kërkimore Zhvillimore - Peja |
| 942 ## - ADDED ENTRY ELEMENTS (KOHA) | |
| Source of classification or shelving scheme | |
| Item type | Books |
| Withdrawn status | Lost status | Source of classification or shelving scheme | Damaged status | Not for loan | Collection code | Permanent location | Current location | Date acquired | Total Checkouts | Barcode | Date last seen | Price effective from | Koha item type |
|---|---|---|---|---|---|---|---|---|---|---|---|---|---|
| Koleksioni i përgjithshem | UBT - Lipjan | UBT - Lipjan | 03/11/2026 | 003-800070999152 | 03/11/2026 | 03/11/2026 | Books | ||||||
| Koleksioni i përgjithshem | UBT - Lipjan | UBT - Lipjan | 03/17/2026 | 003800070999209 | 03/17/2026 | 03/17/2026 | Books | ||||||
| Koleksioni i përgjithshem | UBT - Lipjan | UBT - Lipjan | 03/17/2026 | 003800070999210 | 03/17/2026 | 03/17/2026 | Books | ||||||
| Koleksioni i përgjithshem | UBT - Lipjan | UBT - Lipjan | 03/17/2026 | 003800070999211 | 03/17/2026 | 03/17/2026 | Books | ||||||
| Koleksioni i përgjithshem | UBT - Lipjan | UBT - Lipjan | 03/17/2026 | 003800070999212 | 03/17/2026 | 03/17/2026 | Books | ||||||
| Koleksioni i përgjithshem | UBT - Lipjan | UBT - Lipjan | 04/01/2026 | 003-800070999566 | 04/01/2026 | 04/01/2026 | Books | ||||||
| Koleksioni i përgjithshem | UBT - Lipjan | UBT - Lipjan | 04/01/2026 | 003-800070999567 | 04/01/2026 | 04/01/2026 | Books | ||||||
| Koleksioni i përgjithshem | UBT - Lipjan | UBT - Lipjan | 04/01/2026 | 003-800070999568 | 04/01/2026 | 04/01/2026 | Books |